Amanat perdana : (Record no. 213)
[ view plain ]
| 000 -LEADER | |
|---|---|
| fixed length control field | nam a22 a 4500 |
| 003 - CONTROL NUMBER IDENTIFIER | |
| control field | AKMAL |
| 005 - DATE AND TIME OF LATEST TRANSACTION | |
| control field | 20170426151346.0 |
| 008 - FIXED-LENGTH DATA ELEMENTS--GENERAL INFORMATION | |
| fixed length control field | 170426s2007 my | e | f000 s may d |
| 020 ## - INTERNATIONAL STANDARD BOOK NUMBER | |
| International Standard Book Number | 9789833109265 (kkt.) : |
| Terms of availability | RM8.00 |
| 040 ## - CATALOGING SOURCE | |
| Transcribing agency | AKMAL |
| 082 04 - DEWEY DECIMAL CLASSIFICATION NUMBER | |
| Classification number | 352.63595 ABD |
| Edition number | 22 |
| 090 00 - LOCALLY ASSIGNED LC-TYPE CALL NUMBER (OCLC); LOCAL CALL NUMBER (RLIN) | |
| Classification number (OCLC) (R) ; Classification number, CALL (RLIN) (NR) | 352.63595 |
| Local cutter number (OCLC) ; Book number/undivided call number, CALL (RLIN) | ABD |
| 100 0# - MAIN ENTRY--PERSONAL NAME | |
| Personal name | Abdullah Ahmad Badawi, |
| Titles and words associated with a name | Tun, |
| Dates associated with a name | 1939- |
| 9 (RLIN) | 482 |
| 245 10 - TITLE STATEMENT | |
| Title | Amanat perdana : |
| Remainder of title | perkhidmatan awam bertaraf dunia : koleksi ucapan Perdana Menteri semasa Majlis Perdana Perkhidmatan Awam (MAPPA) (2000 - 2005) |
| 260 ## - PUBLICATION, DISTRIBUTION, ETC. | |
| Place of publication, distribution, etc. | Kuala Lumpur : |
| Name of publisher, distributor, etc. | Institut Tadbiran Awam Negara, |
| Date of publication, distribution, etc. | 2007 |
| 300 ## - PHYSICAL DESCRIPTION | |
| Extent | xii, 68ms. : |
| Dimensions | 21cm. |
| 650 10 - SUBJECT ADDED ENTRY--TOPICAL TERM | |
| Topical term or geographic name entry element | Civil service |
| Geographic subdivision | Malaysia |
| 9 (RLIN) | 420 |
| 650 20 - SUBJECT ADDED ENTRY--TOPICAL TERM | |
| Topical term or geographic name entry element | Public administration |
| Geographic subdivision | Malaysia |
| 9 (RLIN) | 419 |
| 650 20 - SUBJECT ADDED ENTRY--TOPICAL TERM | |
| Topical term or geographic name entry element | Speeches, addresses, etc. |
| 9 (RLIN) | 54 |
| 942 ## - ADDED ENTRY ELEMENTS (KOHA) | |
| Source of classification or shelving scheme | |
| Koha item type | Book |
| Withdrawn status | Lost status | Source of classification or shelving scheme | Damaged status | Not for loan | Collection code | Home library | Current library | Shelving location | Date acquired | Inventory number | Total Checkouts | Full call number | Barcode | Date last seen | Price effective from | Koha item type |
|---|---|---|---|---|---|---|---|---|---|---|---|---|---|---|---|---|
| NON-FICTION | AKMAL Melaka | AKMAL Melaka | PINJAMAN | 26.04.2017 | 305572 | 352.63595 ABD | 201700509 | 26.04.2017 | 26.04.2017 | Book | ||||||
| NON-FICTION | AKMAL Melaka | AKMAL Melaka | PINJAMAN | 26.04.2017 | 305571 | 352.63595 ABD | 201700510 | 26.04.2017 | 26.04.2017 | Book | ||||||
| NON-FICTION | AKMAL Melaka | AKMAL Melaka | PINJAMAN | 12.05.2017 | 305570 | 352.63595 ABD | 201706096 | 12.05.2017 | 12.05.2017 | Book |
